Представление документа в формате RUSMARC

ПолеНазваниеЗначение
  Тип записи i
  Библиографический уровень m
001 Контрольный номер RU/IS/BASE/386248718
005 Дата корректировки 20201206204824.5
010 Индекс ISBN __
d Цена 229-76
101 Язык документа 0_
a Язык текста rus
200 Заглавие и сведения об ответственности 1_
a Заглавие var. Сталкер ; Отель "У погибшего альпиниста"
e Сведения, относящиеся к заглавию [науч.-фантаст. повести : аудиокнига]
f Первые сведения об ответственности братья Стругацкие ; [звукорежиссер Полина Станчева ; оператор звукозаписи Евгения Коновалова] ; читает Владимир Левашов
b Общее обозначение материала Звукозапись
210 Выходные данные __
a Место издания М.
c Издательство АРДИС
d Дата издания 2011
215 Физическое описание __
a Объем 1 электрон. опт. диск (Audio CD) (4 ч. 20 мин.)
300 Общие примечания __
a Общие примечания CD-плеер с поддержкой MP3 или Pentium-233 с Windows 98-XP ; CD-ROM ; звуковая карта
323 Примечание о главных создателях, исполнителях, участниках __
a Примечание о главных создателях, исполнителях, участниках Левашев, В. (читает)
327 Примечание о содержании __
a Примечание о содержании Машина желаний
327 Примечание о содержании __
a Примечание о содержании Дело об убийстве
327 Примечание о содержании __
a Примечание о содержании Отель "У погибшего альпиниста"
330 Аннотация __
a Аннотация На диске представлены два произведения: "Машина желаний" - один из вариантов сценария знаменитого фильма "Сталкер". В центре произведения - драматический и психологически убедительный образ "сталкера", совершающего смертельно опасные вылазки в так называемые "зоны". "Дело об убийстве" - литературный сценарий к известному кинофильму "Отель "У погибшего альпиниста". Это фантастический детектив, в котором инспектор полиции Глебски, приехавший в горный отель по ложному вызову, вынужден расследовать загадочное убийство.
333 Примечание о целевом назначении __
a Примечание о целевом назначении 12+. Для детей старше 12 лет
517 Другие варианты заглавия __
a Другие варианты заглавия Отель "У погибшего альпиниста"
606 Тематические рубрики __
a Основная рубрика Художественная литература
606 Тематические рубрики __
a Основная рубрика Русская литература XX в. (произведения)
610 Ключевые слова __
a Ключевые слова советская литература; повести; детективы; фантастика; фантастические повести; социальная фантастика; тема цивилизации; тема человечества; тема общества; детективные повести; сталкеры; киносценарии; фантастические детективы
686 Индексы других классификаций __
a Классификационный индекс 84(2Рос=Рус)6-445я04
700 Автор _1
a Фамилия Стругацкий
b Имя А. Н.
g Полное личное имя Аркадий Натанович
4 Код отношения 070
702 Вторичная интеллектуальная ответственность _1
a Фамилия Стругацкий
b Имя Б. Н.
4 Код отношения Автор
g Полное личное имя Борис Натанович
4 Код отношения 070
702 Вторичная интеллектуальная ответственность _1
a Фамилия Станчева
b Имя П.
4 Код отношения Звукорежиссер
4 Код отношения 570
702 Вторичная интеллектуальная ответственность _1
a Фамилия Коновалова
b Имя Е.
4 Код отношения Оператор
4 Код отношения 600
801 Источник записи _0
a Страна RU
b Организация Муниципальное бюджетное учреждение культуры "Централизованная библиотечная система" г. Сургут (Центральная городская библиотека им. А. С. Пушкина)
g Правила каталогизации КиК/Котельникова
801 Источник записи _1
a Страна RU
b Организация Муниципальное бюджетное учреждение культуры "Централизованная библиотечная система" г. Сургут (Центральная городская библиотека им. А. С. Пушкина)
g Правила каталогизации КиК/Котельникова
852 Данные о местонахождении __
j Шифр хранения 84(2Рос=Рус)6-445я04
i Авторский знак С 87
901 Тип документа __
t Тип документа 0
903 Характеристики (МАРС) __
a Дата передачи 20120328
969 Тип издания __
a Тип издания аудиокнига
990 Данные о заказе (DOS) __
j Количество экземпляров (DOS) 3
h N записи в КСУ для Б/У (DOS) 201204